| 000 -LEADER |
| fixed length control field |
00439nam a22001097a 4500 |
| 008 - FIXED-LENGTH DATA ELEMENTS--GENERAL INFORMATION |
| fixed length control field |
180716b ||||| |||| 00| 0 eng d |
| 100 ## - MAIN ENTRY--AUTHOR'S NAME |
| Author's Name |
Hall, Andrew |
| 245 ## - TITLE STATEMENT |
| Title |
Scandinavia revenues (1st ed 1983) |
| 260 ## - PUBLICATION, DISTRIBUTION, ETC. (IMPRINT) |
| Place of publication, distribution, etc. |
York, England |
| Name of publisher, distributor, etc. |
J. Barefoot |
| Date of publication, distribution, etc. |
1983 |
| 650 ## - TOPICAL TERM (Tag) |
| Topical term or geographic name |
Scandinavia | Revenues | Denmark | Finland | Norway | Iceland | Sweden | Danish West Indies | Faroe Islands | Catalogs and Price Lists | Cinderella Material |
| 700 ## - SECONDARY AUTHOR, EDITOR OR ILLUSTRATOR |
| Personal Name |
Barefoot, John |